| 000 | 00870cab a2200277 4500 | ||
|---|---|---|---|
| 001 | ABS55049 | ||
| 008 | 090401t1996 xxu||||| |||| 00| 0 eng d | ||
| 035 | _a(Sirsi) u13810 | ||
| 041 | _aeng | ||
| 100 | _aBlack, J.C. | ||
| 245 | _aPlanning for progress in development | ||
| 260 | _c1996 | ||
| 350 | _a0 | ||
| 490 |
_aPlanning Week _v4(17) 25 April 1996, 14-15(2) |
||
| 520 | _aA focus on local plans, their history and ultimately whether local authorities will meet the target to have created and adopted a local development plan by February 1997. | ||
| 650 | _aDEVELOPMENT PLANS | ||
| 650 | _aDISTRICT-WIDE PLANS | ||
| 650 | _aPPG1 | ||
| 650 | _aPPG12 | ||
| 650 | _aTOWN AND COUNTRY PLANNING ACT 1990 S36 | ||
| 650 | _aUNITARY DEVELOPMENT PLANS | ||
| 690 | _aPLANNING LAW AND PRACTICE | ||
| 700 | _aGraham, D. | ||
| 942 | _n0 | ||
| 948 | _c04/03/1997 | ||
| 999 |
_c8907 _d8907 |
||